| 000 | 00456nam a2200181 a 4500 | ||
|---|---|---|---|
| 001 | 1771299223476 | ||
| 003 | YourLibrary | ||
| 005 | 20260217090519.0 | ||
| 008 | 260217s2009##################000#0#eng## | ||
| 020 | _a9781849710206 | ||
| 082 | 0 | 4 |
_a333.95316094 _bVEL |
| 100 | 1 |
_aVellvé, Renée, _eauthor. |
|
| 245 | 1 | 0 | _aSaving the Seed : |
| 260 |
_bRoutledge, _c2009. |
||
| 650 | 0 | _aCrops. | |
| 942 | _cENGLISH | ||
| 040 |
_aYourLibrary _beng _cYourLibrary |
||
| 999 |
_c613061 _d613061 |
||